000 00655nam a2200205 a 4500
001 BRCA_1090
005 20190320203256.0
008 950605s1995 nyua---###---#000-0#eng-#
020 _a0517148064
040 _aDLC
_cDLC
_dDLC
050 4 _aNK1590
_b.H37 1995
100 1 _aHarter, Jim
_93590
245 1 0 _aThe Ultimate Angel Book
_bMore than 600 Hundred Clip Art Images
_ccompiled by Jim Harter.
260 _aNueva York
_bGramercy Books
_c1995
260 _aAvenel, N.J.
_bRandom House Value Pub.
_c1995
300 _a224.
_bil.
_c29 cm.
650 1 4 _aÁngeles en el arte
_xMiscelanea
_93591
650 1 4 _aDecoración y ornamentación
_93592
942 _2lcc
_cB
999 _c969
_d969